01395nam a2200241Ia 4500001000900000003001000009008004100019040002500060041001300085100001200098245006400110250001100174260006700185300001300252500026000265501011400525520026000639650004300899942000700942957000600949999004000955952015800995L103-598IT-CnALBA170116s9999||||xx |||||||||||||| ||und|| aIT-CnALBAcIT-CnALBA aITALIANO aAA. VV. 0aGRANDE ANTOLOGIA FILOSOFICA VOL. XXI. IL PENSIERO MODERNO.  a1a ed. a MILANO - COMObMARZORATI CARLO EDITORE c1971 [1° Ed.: n.d.] a1912 p.  aDIREZIONE SCIACCA M. FEDERICO. COORDINATORE SCHIAVONE MICHELE. FILOSOFI E CORRENTI FILOSOFICHE SONO CORREDATI DA INTRODUZIONE E TESTI ESEMPLARI.TEORIE SCIENTIFICHE DEL SECOLO XVIII E XIX. PENSIERO PEDAGOGICO TRA IL XVIII E IL XIX SECOLO. IL PENSIERO ECONO aSocietà San Paolo EM - Piazza San Paolo, 14 - 12051 ALBA (CN) (non commercial uses only) ® Copyright 2017 aDIREZIONE SCIACCA M. FEDERICO. COORDINATORE SCHIAVONE MICHELE. FILOSOFI E CORRENTI FILOSOFICHE SONO CORREDATI DA INTRODUZIONE E TESTI ESEMPLARI.TEORIE SCIENTIFICHE DEL SECOLO XVIII E XIX. PENSIERO PEDAGOGICO TRA IL XVIII E IL XIX SECOLO. IL PENSIERO ECONO aDIZIONARI ED ENCICLOPEDIE DI FILOSOFIA cBK 71 a697bNOg Copie: 1 c259834d259834 0010406L_10359871aALBAbALBAd2017-01-16l0oL103-598r2017-01-16 00:00:00w2017-01-16yBKz(data import: 16 gennaio 2017) - By Epidotti, Vaglietti.